Statistieken voor Volg de kusten van Afro-Eurazië - met kaart

Klik hier om de quiz te nemen!

Algemene statistieken

  • Deze quiz is 125 keer genomen
  • De gemiddelde score is 37 van 105

Antwoorden op de kaart

Antwoorden kleurgecodeerd door een groen-rode schaal op de quizkaart volgens % correct hieronder.
 

Antwoordstatistieken

Countries% Correct
Rusland (Aziatisch-Arctische deel)
100%
Noord Korea (Japanse Zee)
80%
Zuid-Korea
80%
China
68%
Cambodja
66%
Maleisië
66%
Thailand (Golf van Thailand)
66%
Vietnam
66%
Noord Korea (Gele Zee)
64%
Bangladesh
61%
India
61%
Iran
61%
Koeweit
61%
Myanmar
61%
Pakistan
61%
Irak
59%
Thailand (Andamanse Zee)
59%
Qatar
48%
Oman (Straat van Hormuz)
45%
Saoedi-Arabië (Noord-Perzische Golf)
43%
Saoedi-Arabië (Zuid-Perzische Golf)
41%
Verenigde Arabische Emiraten (Perzische Golf)
41%
Jemen
36%
Israël (Golf van Aqaba)
34%
Jordanië
34%
Oman (Arabische Zee)
34%
Saoedi-Arabië (Rode Zee)
34%
Angola
32%
Angola (Cabinda)
32%
Congo-Brazzaville
32%
Congo-Kinshasa
32%
Djibouti
32%
Egypte (Rode Zee)
32%
Eritrea
32%
Mozambique
32%
Namibië
32%
Nigeria
32%
Soedan
32%
Somalië
32%
Tanzania
32%
Verenigde Arabische Emiraten (Arabische Zee)
32%
Zuid-Afrika
32%
Algerije
30%
Benin
30%
Egypte (Middellandse Zee)
30%
Equatoriaal-Guinea
30%
Gabon
30%
Gambia
30%
Ghana
30%
Guinee
30%
Guinee-Bissau
30%
Israël (Middellandse Zee)
30%
Ivoorkust
30%
Kameroen
30%
Kenia
30%
Libanon
30%
Liberia
30%
Libië
30%
Marokko
30%
Mauritanië
30%
Senegal (Noorden)
30%
Senegal (Zuiden)
30%
Sierra Leone
30%
Syrië
30%
Togo
30%
Tunesië
30%
Turkije (Aziatische deel)
30%
België
27%
Denemarken
27%
Duitsland (Baltische Zee)
27%
Duitsland (Noordzee)
27%
Estland
27%
Frankrijk (Golf van Biskaje)
27%
Frankrijk (Middellandse Zee)
27%
Georgië
27%
Letland
27%
Litouwen
27%
Nederland
27%
Portugal
27%
Rusland (Zwarte Zee)
27%
Spanje (Golf van Biskaje)
27%
Spanje (Middellandse Zee)
27%
Albanië
25%
Bosnië en Herzegovina
25%
Bulgarije
25%
Finland
25%
Frankrijk
25%
Griekenland
25%
Italië
25%
Kroatië (Noorden)
25%
Kroatië (Zuiden)
25%
Monaco
25%
Montenegro
25%
Noorwegen
25%
Oekraïne (Zee van Azov)
25%
Oekraïne (Zwarte Zee)
25%
Polen
25%
Roemenië
25%
Rusland (De Krim)
25%
Rusland (Europees-Arctisch deel)
25%
Rusland (Kaliningrad)
25%
Rusland (Sint-Petersburg)
25%
Slovenië
25%
Turkije (Europese deel)
25%
Zweden
25%

Scoreverdeling

Percentiel versus Aantal Correcte Antwoorden

Procent van Mensen met Elke Score

Uw Scoregeschiedenis

U heeft deze quiz nog niet genomen